000 00563nam a22002177a 4500
003 UA-OsUOA
001 120686
007 ta
008 20170209b un ||||| |||| 00| 0 ukr d
100 _aПоворознюк С.
090 _a82
_bП42
942 _cSA
040 _aUA-OsUOA
_bukr
_cUA-OsUOA
_dUA-OsUOA
245 _aІсторичний дискурс Івана Огієнка
300 _aС.36-40
955 _a0
041 _aukr
080 _a82
773 0 _w120681
650 7 _a82 Література. Літературознавство
_2UDC
999 _c406547
_d406547